01292 2200565 4500001002100000008004100021035002000062245004600082260003700128300002000165020001800185084001400203082000800217650001100225990001400236990001400250990001400264990001400278990001400292990001400306990001400320990001400334990001400348990001400362990001400376990001400390990001400404990001400418990001400432990001400446990001400460990001400474990001400488990001400502990001400516990001400530990001400544990001400558990001400572990001400586990001400600990001400614990001400628990001400642990001400656990001400670990001400684990001400698990001400712INLIS000000000000026 IND  a0010-1023000001 aDetik AAS Bahasa IndonesiacUTI DARMAWATI aYOGYAKARTAbINTAN PARIWARAc2022 a152c23 X 30 CM a9789792847468 a410 UTI d a410 aBAHASA aINT.10243 aINT.10244 aINT.10245 aINT.10246 aINT.10247 aINT.10248 aINT.10249 aINT.10250 aINT.10251 aINT.10252 aINT.10253 aINT.10254 aINT.10255 aINT.10256 aINT.10257 aINT.10258 aINT.10259 aINT.10260 aINT.10261 aINT.10262 aINT.10263 aINT.10264 aINT.10265 aINT.10266 aINT.10267 aINT.10268 aINT.10269 aINT.10270 aINT.10271 aINT.10272 aINT.10273 aINT.10274 aINT.10275 aINT.10241 aINT.10242